Statistics for Country Superlatives by Letter - I

Click here to take the quiz!

General Stats

  • This quiz has been taken 229 times
  • The average score is 6 of 9

Answer Stats

CategoryCountry% Correct
Most PopulousIndia
99%
NorthernmostIceland
91%
Longest CoastlineIndonesia
74%
Greatest Surface AreaIndia
68%
SouthernmostIndonesia
67%
Greatest GDP (PPP / capita)Ireland
66%
Oldest Median AgeItaly
65%
Hottest TemperatureIsrael
52%
Lowest Death RateIraq
46%

Score Distribution

Percentile by Number Answered

Percent of People with Each Score

Your Score History

You have not taken this quiz